000 00791nam a22002177a 4500
999 _c6063
_d6063
003 AR-CdUCM
008 190313b ||||| |||| 00| 0 spa d
040 _aMUNICIPALIDAD PROVINCIAL DEL CUSCO
_cBIBLIOTECA MUNICIPAL DEL CUSCO
082 _a070.985 /
_bM676
100 _aMiró Quesada Laos, Carlos
_914199
245 _aHistoria del periodismo peruano /
260 _aLima :
_bVillanueva,
_c1957.
300 _a320 paginas ;
_c22 cm.
500 _aDonación de la familia Nieto
505 _aContenido : Historia del periodismo peruano -- Tiempos coloniales -- El primer diario -- Antigüedad del periodismo peruano ...
650 _aPeriodismo en el Peru
_917665
650 _aHistoria del periodismo
_917666
650 _aEl periódico
_917667
942 _2ddc
_cLIBROS
945 _arah